书目信息 |
| 题名: |
统编教材名著“1+X”灵性读写课程建构策略
|
|
| 作者: | 刘春文 编著 | |
| 分册: | ||
| 出版信息: | 杭州 浙江工商大学出版社 2019.01 |
|
| 页数: | 235页 | |
| 开本: | 26cm | |
| 丛书名: | ||
| 单 册: | ||
| 中图分类: | G633.303 , G633.343 | |
| 科图分类: | ||
| 主题词: | 阅读课--yue du ke--初中--教学参考资料 , 作文课--zuo wen ke--初中--教学参考资料 | |
| 电子资源: | ||
| ISBN: | 978-7-5178-3042-9 | |
| 000 | 01114nam0 2200253 450 | |
| 001 | 0109110105 | |
| 005 | 20201109110334.0 | |
| 010 | @a978-7-5178-3042-9@dCNY56.00 | |
| 100 | @a20190226d2019 em y0chiy50 ea | |
| 101 | 0 | @achi |
| 102 | @aCN@b330000 | |
| 105 | @ay z 000yy | |
| 106 | @ar | |
| 200 | 1 | @a统编教材名著“1+X”灵性读写课程建构策略@Atong bian jiao cai ming zhu “1+X” ling xing du xie ke cheng jian gou ce lue@f刘春文编著 |
| 210 | @a杭州@c浙江工商大学出版社@d2019.01 | |
| 215 | @a235页@d26cm | |
| 330 | @a本书聚焦学生的核心素养,以初中语文学科名著阅读为重点,着力通过课程架构和学科实施,着力培养体现灵性特质的品格和能力。其设计思路是基于区域现状,在调查与分析的基础上,以“目标导向”为落点,以“灵性读写”课程建构为目标,引领全区教师开展主题研修,从“课堂范式”“课型框架”“阅读策略”“评价机制”分阶段有序推进。 | |
| 606 | 0 | @a阅读课@Ayue du ke@x初中@j教学参考资料 |
| 606 | 0 | @a作文课@Azuo wen ke@x初中@j教学参考资料 |
| 690 | @aG633.303@v5 | |
| 690 | @aG633.343@v5 | |
| 701 | 0 | @a刘春文@Aliu chun wen@c(女)@4编著 |
| 801 | 0 | @aCN@bBJSZM@c20201103 |
| 905 | @b1266571-5@dG633.303@e820@f5 | |
| 统编教材名著“1+X”灵性读写课程建构策略/刘春文编著.-杭州:浙江工商大学出版社,2019.01 |
| 235页;26cm |
| ISBN 978-7-5178-3042-9:CNY56.00 |
| 本书聚焦学生的核心素养,以初中语文学科名著阅读为重点,着力通过课程架构和学科实施,着力培养体现灵性特质的品格和能力。其设计思路是基于区域现状,在调查与分析的基础上,以“目标导向”为落点,以“灵性读写”课程建构为目标,引领全区教师开展主题研修,从“课堂范式”“课型框架”“阅读策略”“评价机制”分阶段有序推进。 |
| ● |
| 相关链接 |
|
|
|
|
正题名:统编教材名著"1+X"灵性读写课程建构策略
索取号:G633.303/820
 
预约/预借
| 序号 | 登录号 | 条形码 | 馆藏地/架位号 | 状态 | 备注 |
| 1 | 1266571 | 212665711 | 第一样本阅览室/ [索取号:G633.303/820] | 在馆 | |
| 2 | 1266572 | 212665720 | 教育系资料室/ [索取号:G633.303/820] | 在馆 | |
| 3 | 1266573 | 212665739 | 教育系资料室/ [索取号:G633.303/820] | 在馆 | |
| 4 | 1266574 | 212665748 | 第四借阅区/ [索取号:G633.303/820] | 在馆 | |
| 5 | 1266575 | 212665757 | 第四借阅区/ [索取号:G633.303/820] | 在馆 |